[Event "70th ch-RUS w 2020"]
[Site "Moscow RUS"]
[Date "2020.12.08"]
[Round "4.6"]
[White "Shuvalova, Polina"]
[Black "Getman, Tatyana"]
[Result "1-0"]
[WhiteTitle "IM"]
[BlackTitle "WFM"]
[WhiteElo "2456"]
[BlackElo "2302"]
[WhiteFideId "24171760"]
[BlackFideId "34166146"]
[EventDate "2020.12.05"]

1. d4 Nf6 2. c4 e6 3. g3 d5 4. Bg2 Bb4+ 5. Nd2 O-O 6. Nf3 b6 7. O-O Bb7 8. Ne5
Bd6 9. cxd5 exd5 10. Ndc4 Be7 11. Bf4 c6 12. Ne3 Nh5 13. Nf5 Nxf4 14. gxf4 g6
15. Nxe7+ Qxe7 16. Rc1 f6 17. Nd3 Nd7 18. e3 f5 19. Qa4 Rfc8 20. Rc3 a5 21. Rfc1
Qd6 22. Qb3 Kg7 23. a3 Rab8 24. Qc2 Qe6 25. Qa4 Kh6 26. Bf3 Rc7 27. b4 axb4 28.
axb4 Ra8 29. Qb3 Rcc8 30. b5 cxb5 31. Rc7 Rxc7 32. Rxc7 Ra1+ 33. Kg2 Ba8 34.
Qxb5 Ra3 35. Rxd7 Rxd3 36. Ra7 1-0

[Event "70th ch-RUS w 2020"]
[Site "Moscow RUS"]
[Date "2020.12.10"]
[Round "6.1"]
[White "Kosteniuk, Alexandra"]
[Black "Goryachkina, Aleksandra"]
[Result "1/2-1/2"]
[WhiteTitle "GM"]
[BlackTitle "GM"]
[WhiteElo "2471"]
[BlackElo "2593"]
[WhiteFideId "4128125"]
[BlackFideId "4147103"]
[EventDate "2020.12.05"]

1. e4 e5 2. Bc4 Nf6 3. d3 Nc6 4. Nc3 Bb4 5. Ne2 d5 6. exd5 Nxd5 7. O-O Be6 8.
Bxd5 Bxd5 9. f4 f6 10. fxe5 Nxe5 11. Nxd5 Qxd5 12. c3 Bd6 13. Nf4 Qf7 14. d4
O-O-O 15. b4 Ng6 16. Qg4+ Qd7 17. Qxd7+ Rxd7 18. Nh5 Re8 19. Bd2 Re4 20. g3 Bf8
21. Rae1 Rde7 22. Rxe4 Rxe4 23. Kf2 Nh8 24. Kf3 Re6 25. Nf4 Ra6 26. Ra1 b5 27.
Ke4 Nf7 28. Kd3 Kd7 29. a3 Nd6 30. Bc1 c6 31. Ra2 Be7 32. Re2 Nc4 33. h4 Ra4 34.
Ne6 g6 35. Nc5+ Bxc5 36. bxc5 h5 37. Rf2 Ke6 38. Re2+ Kd7 39. Rf2 Ke6 40. Re2+ 1/2-1/2

[Event "70th ch-RUS w 2020"]
[Site "Moscow RUS"]
[Date "2020.12.15"]
[Round "10.1"]
[White "Kosteniuk, Alexandra"]
[Black "Guseva, Marina"]
[Result "0-1"]
[WhiteTitle "GM"]
[BlackTitle "IM"]
[WhiteElo "2471"]
[BlackElo "2359"]
[WhiteFideId "4128125"]
[BlackFideId "4149351"]
[EventDate "2020.12.05"]

1. e4 c5 2. Nf3 d6 3. Bb5+ Nd7 4. Ba4 a6 5. c3 Nf6 6. Bc2 b5 7. d4 Bb7 8. Nbd2
Qc7 9. O-O Rc8 10. d5 g6 11. a4 Bg7 12. Qe2 Qb6 13. c4 O-O 14. axb5 axb5 15.
cxb5 c4 16. Ba4 e6 17. Nxc4 Qc7 18. dxe6 fxe6 19. Ncd2 d5 20. Ng5 Nc5 21. e5 Nh5
22. Nb3 Qe7 23. Nxc5 Rxc5 24. f4 Rxc1 25. Raxc1 Nxf4 26. Qg4 h5 27. Qf3 Qxg5 28.
Kh1 Qxe5 29. Rfe1 Qd6 30. Bc2 e5 31. Qa3 Qb6 32. Qe7 d4 33. Bb3+ Kh8 34. h3
Bxg2+ 35. Kh2 e4 36. Rc7 Qf6 37. Ra1 Qxe7 38. Rxe7 Bf6 39. Rc7 Be5 40. Re7 Bb8
41. Rf7 Rxf7 42. Bxf7 e3 43. Bxg6 Bb7 0-1